Implikácia dlhovej krízy krajín PIIGS pre budúcnosť eurozóny
Hlavné dôvody vzniku súčasnej dlhovej krízy v eurozóne, ktorými sú vysoká zadlženosť krajín PIIGS, ale aj prílev kapitálu a nízka konkurencieschopnosť. Riešenie podobných problémov v Mexiku a v Latinskej Amerike v 70. a 80. rokoch minulého storočia. Porovnanie možných riešení v eurozóne.
Salvato in:
| Autore principale: | |
|---|---|
| Natura: | Capitolo di libro |
| Lingua: | slovacco |
| Soggetti: | |
| Tags: |
Nessun Tag, puoi essere il primo ad aggiungerne!!
|
MARC
| LEADER | 00000nla a2200000 4500 | ||
|---|---|---|---|
| 001 | 0151523 | ||
| 005 | 20221104125809.0 | ||
| 041 | 0 | |a slo | |
| 044 | |a CZ | ||
| 245 | 1 | 0 | |a Implikácia dlhovej krízy krajín PIIGS pre budúcnosť eurozóny |c Simona Szászová |
| 520 | |a Hlavné dôvody vzniku súčasnej dlhovej krízy v eurozóne, ktorými sú vysoká zadlženosť krajín PIIGS, ale aj prílev kapitálu a nízka konkurencieschopnosť. Riešenie podobných problémov v Mexiku a v Latinskej Amerike v 70. a 80. rokoch minulého storočia. Porovnanie možných riešení v eurozóne. | ||
| 610 | 2 | 0 | |a Európska únia |
| 610 | 2 | 0 | |a eurozóna |
| 610 | 2 | 0 | |a pohyb kapitálu |
| 610 | 2 | 0 | |a pôžičky medzinárodné |
| 610 | 2 | 0 | |a zadlženosť zahraničná |
| 610 | 2 | 0 | |a kapitál zahraničný |
| 610 | 2 | 0 | |a bilancia platobná |
| 610 | 2 | 0 | |a kríza finančná |
| 100 | 1 | |a Szászová, Simona | |